Detekcia obsadenosti parkovacích miest
Enregistré dans:
| Auteur principal: | |
|---|---|
| Autres auteurs: | |
| Format: | Manuscrit Livre |
| Langue: | slovaque |
| Publié: |
2022
|
| Sujets: | |
| Accès en ligne: | http://is.stuba.sk/zp/portal_zp.pl?podrobnosti=173743 |
| Tags: |
Pas de tags, Soyez le premier à ajouter un tag!
|
MARC
| LEADER | 00000ntm a22000003a 4500 | ||
|---|---|---|---|
| 001 | stuzp90271 | ||
| 003 | SK-STU | ||
| 005 | 20220625211711.9 | ||
| 007 | ta | ||
| 008 | 150427s2015----xo-----f-mn---000-0-slo-d | ||
| 040 | |a STU |b slo | ||
| 041 | 0 | |a slo | |
| 100 | 1 | |a Ostrihoňová, Martina |u 047220 |4 aut |U FCHPT Ústav informatizácie, automatizácie a matematiky |T FCHPT Oddelenie informatizácie a riadenia procesov |X 104376 |U C7220 |Y 121 |7 104376 | |
| 242 | 0 | 1 | |a Parking Space Occupancy Detection |y eng |
| 245 | 1 | 0 | |a Detekcia obsadenosti parkovacích miest |
| 260 | |c 2022 | ||
| 650 | 4 | |a detekcia |2 slo | |
| 650 | 4 | |a parkovacie miesta |2 slo | |
| 650 | 4 | |a algoritmus |2 slo | |
| 650 | 4 | |a detection |2 eng | |
| 650 | 4 | |a parking spaces |2 eng | |
| 650 | 4 | |a algorithm |2 eng | |
| 700 | 1 | |a Klaučo, Martin |u 047220 |k Z2 |4 ths |U FCHPT Ústav informatizácie, automatizácie a matematiky |T FCHPT Oddelenie informatizácie a riadenia procesov |X 50920 |U C7220 |Y 121 |7 A0000050920 | |
| 856 | 4 | |u http://is.stuba.sk/zp/portal_zp.pl?podrobnosti=173743 | |